| 000 | 00596nam a2200193 i 4500 | ||
|---|---|---|---|
| 001 | 147120 | ||
| 003 | ES-MaACL | ||
| 005 | 20250727033932.0 | ||
| 007 | t| | ||
| 008 | 070921s1919 fr ||||1| fre d | ||
| 100 | 1 |
_aTrotsky, Leon, _d1879-1940 _9240350 |
|
| 245 | 1 | 3 |
_aL'avènement du bolchevisme / _cLeon Trotsky ; traduit par Francis-François Français. |
| 260 |
_aOrleans : _bH. Tissier, _c1919. |
||
| 300 |
_a142 p. ; _c20 cm. |
||
| 650 | 7 |
_aComunismo _2embne _911211 |
|
| 700 | 1 |
_aFrançais, Francis-François. _952130 |
|
| 852 |
_aES-MaACL _jF-7791 |
||
| 999 |
_c147120 _d147120 |
||